000 01014cam a22003253a 4500
001 3622
003 PGUSA
005 20140828083035.0
008 030101s2003||||xxu|||||s|||||000 1 eng d
040 _aPGUSA
_beng
042 _adc
050 4 _aPR
100 1 _aTrollope, Anthony,
_d1815-1882
245 1 4 _aThe Duke's Children
_h[electronic resource] /
_cAnthony Trollope
260 _bProject Gutenberg,
_c2003
506 _aPublic domain in the USA.
516 _aElectronic text
653 _aDomestic fiction
653 _aPolitical fiction
653 _aLondon (England) -- Fiction
653 _aPalliser, Plantagenet (Fictitious character) -- Fiction
653 _aParent and adult child -- Fiction
653 _aPrime ministers -- Family relationships -- Fiction
653 _aWidowers -- Fiction
653 _aNobility -- Fiction
653 _aConflict of generations -- Fiction
830 0 _aProject Gutenberg
_v3622
856 4 0 _uhttp://www.gutenberg.org/ebooks/3622
942 _cEB
999 _c232951
_d232951